000 00285nam a22001337a 4500
008 171024b xxu||||| |||| 00| 0 eng d
020 _a09710787
041 _aeng
080 _a311
100 _a55
101 _aSTA
245 _aFERTILISER STATISTICS
_cDUBEY,A.C
942 _2udc
_cBK
999 _c35686
_d35686